000 00686nam a2200289Ia 4500
005 20260324123749.0
008 008 260324s9999 xx 000 0 eng d
020 _a9781315701790
037 _aEBOOK
040 _aCRL
040 _beng
040 _cCRL
041 _2eng
041 _aeng
084 _qCRL
100 _aRobert Cardy; Brian Leonard
_91171565
245 0 _aPerformance Management:
245 0 _bConcepts, Skills and Exercises
260 _bTaylor and Francis
260 _c2011
365 _a
365 _b350
856 _uhttp://www.taylorfrancis.com/books/9781315701790
942 _cEBOOK
999 _c1765357
_d1765357